[Event "FICGS class E 000140 email"]
[Site "FICGS email"]
[Date "2011.07.13"]
[Round "1"]
[White "Estieu, Frederic"]
[Black "Yloenen, Olli"]
[Result "0-1"]
[WhiteElo "1264"]
[BlackElo "1484"]
[PlyCount "50"]
[EventDate "2011.??.??"]
[EventType "tourn (corr)"]
[EventRounds "6"]
[SourceTitle "Corr 2013"]
[Source "ChessBase"]
[SourceDate "2012.11.12"]
[SourceVersion "1"]
[SourceVersionDate "2012.11.12"]
[SourceQuality "1"]

1. e4 d6 2. d4 g6 3. Nf3 Bg7 4. Be3 Nf6 5. Nc3 0-0 6. h3 c6 7. Bd3 Nbd7 8. 0-0 e5 9. dxe5 dxe5 10. Qd2 Qe7 11. Bh6 Re8 12. Rad1 b5 13. a3 a5 14. b4 Bxh6 15. Qxh6 axb4 16. axb4 Qxb4 17. Ne2 Qe7 18. g4 Nc5 19. Ng3 Ra3 20. g5 Nfd7 21. Nf5 gxf5 22. exf5 e4 23. f6 Qf8 24. Be2 Qxh6 25. gxh6 exf3 0-1

[Event "FICGS rapid D 000055 email"]
[Site "FICGS email"]
[Date "2011.04.01"]
[Round "1"]
[White "Estieu, Frederic"]
[Black "Joubert, Hennie"]
[Result "0-1"]
[WhiteElo "1348"]
[BlackElo "1356"]
[PlyCount "44"]
[EventDate "2011.??.??"]
[EventType "tourn (rapid)"]
[EventRounds "5"]
[SourceTitle "Corr 2013"]
[Source "ChessBase"]
[SourceDate "2012.11.12"]
[SourceVersion "1"]
[SourceVersionDate "2012.11.12"]
[SourceQuality "1"]

1. e4 c5 2. Nf3 e6 3. d4 cxd4 4. Nxd4 Nf6 5. Nc3 Qb6 6. Bc4 Bc5 7. Be3 Nc6 8. Nxc6 Bxe3 9. fxe3 Qxe3+ 10. Qe2 Qxe2+ 11. Kxe2 bxc6 12. Rad1 d5 13. exd5 cxd5 14. Bb5+ Bd7 15. Bxd7+ Kxd7 16. Rhf1 Rab8 17. Na4 Rhc8 18. g4 Rxc2+ 19. Rd2 Rxd2+ 20. Kxd2 Ke7 21. h4 Nxg4 22. Rg1 h5 0-1

[Event "FICGS class E 000132 email"]
[Site "FICGS email"]
[Date "2010.12.15"]
[Round "1"]
[White "Estieu, Frederic"]
[Black "Stoyanov, Zdravko"]
[Result "1-0"]
[WhiteElo "1225"]
[BlackElo "1229"]
[PlyCount "131"]
[EventDate "2010.??.??"]
[EventType "tourn (corr)"]
[EventRounds "6"]
[SourceTitle "Corr 2013"]
[Source "ChessBase"]
[SourceDate "2012.11.12"]
[SourceVersion "1"]
[SourceVersionDate "2012.11.12"]
[SourceQuality "1"]

1. e4 c5 2. Nf3 a6 3. d4 e6 4. c3 b5 5. Be3 c4 6. Nbd2 Nf6 7. Bg5 Be7 8. Bxf6 Bxf6 9. e5 Be7 10. Be2 0-0 11. 0-0 d6 12. exd6 Bxd6 13. Qc2 Re8 14. h4 Nd7 15. Ng5 g6 16. Ngf3 Bb7 17. Rad1 Rc8 18. Rfe1 Bf4 19. Bf1 Bxd2 20. Qxd2 Bxf3 21. gxf3 Qxh4 22. Qe3 Nf6 23. Qe5 Nd5 24. Re4 Qf6 25. Rde1 Qd8 26. Qh2 Nf6 27. Rf4 Nh5 28. Rg4 Nf6 29. Rh4 Qd5 30. Re5 Qxf3 31. Rf4 Qd1 32. Rxf6 Qg4+ 33. Qg2 Qh4 34. Qg5 Qxg5+ 35. Rxg5 Kg7 36. Rf4 Kh6 37. Re5 Kg7 38. Rfe4 Kf6 39. f4 h6 40. Bg2 g5 41. fxg5+ hxg5 42. d5 Rc5 43. Re1 g4 44. R5e3 e5 45. Rd1 Kf5 46. d6 f6 47. Re2 Rd8 48. Red2 Rd7 49. Bb7 Rxb7 50. d7 Rxd7 51. Rxd7 a5 52. Kg2 b4 53. Kg3 bxc3 54. bxc3 e4 55. Rg7 Rb5 56. Rxg4 a4 57. Rd4 Re5 58. Rxc4 e3 59. Rgf4+ Kg5 60. Rce4 e2 61. Rxe5+ fxe5 62. Re4 Kf5 63. Rxe2 e4 64. Kf2 Kf4 65. Rb2 a3 66. Rb3 1-0

[Event "FICGS class E 000132 email"]
[Site "FICGS email"]
[Date "2010.12.15"]
[Round "1"]
[White "Haekkinen, Jorma"]
[Black "Estieu, Frederic"]
[Result "0-1"]
[WhiteElo "1207"]
[BlackElo "1225"]
[PlyCount "112"]
[EventDate "2010.??.??"]
[EventType "tourn (corr)"]
[EventRounds "6"]
[SourceTitle "Corr 2013"]
[Source "ChessBase"]
[SourceDate "2012.11.12"]
[SourceVersion "1"]
[SourceVersionDate "2012.11.12"]
[SourceQuality "1"]

1. d4 d5 2. c4 c6 3. Nf3 e6 4. Nc3 Nf6 5. Bg5 Nbd7 6. e3 Be7 7. Be2 h6 8. Bxf6 Nxf6 9. 0-0 0-0 10. Qc2 b6 11. Rac1 Bb7 12. cxd5 cxd5 13. Ne5 Rc8 14. Qd3 Bd6 15. f4 Nd7 16. Nxd7 Qxd7 17. Bg4 Bb4 18. a3 Bxc3 19. Rxc3 Rxc3 20. bxc3 Rc8 21. f5 e5 22. dxe5 Qc6 23. f6 d4 24. Bf3 Qxc3 25. Qxc3 Rxc3 26. exd4 Bxf3 27. Rxf3 Rxf3 28. gxf3 gxf6 29. exf6 Kh7 30. d5 Kg6 31. Kf2 Kxf6 32. Ke3 Ke5 33. d6 Kxd6 34. Kd4 a6 35. h4 b5 36. f4 f5 37. h5 a5 38. a4 b4 39. Kc4 Kc6 40. Kd4 b3 41. Kc3 Kc5 42. Kxb3 Kd4 43. Kc2 Ke4 44. Kc3 Kxf4 45. Kc4 Kg4 46. Kb5 f4 47. Kxa5 f3 48. Kb6 f2 49. a5 f1Q 50. a6 Kxh5 51. a7 Qa1 52. Kb7 Qxa7+ 53. Kxa7 Kg4 54. Kb6 h5 55. Kc5 Kg3 56. Kd4 h4 0-1

[Event "FICGS rapid E 000039 email"]
[Site "FICGS email"]
[Date "2010.11.25"]
[Round "1"]
[White "Barradas, Anderson"]
[Black "Estieu, Frederic"]
[Result "1-0"]
[WhiteElo "1286"]
[BlackElo "1225"]
[PlyCount "45"]
[EventDate "2010.??.??"]
[EventType "tourn (rapid)"]
[EventRounds "6"]
[SourceTitle "Corr 2013"]
[Source "ChessBase"]
[SourceDate "2012.11.12"]
[SourceVersion "1"]
[SourceVersionDate "2012.11.12"]
[SourceQuality "1"]

1. e4 e5 2. Nf3 Nf6 3. Nxe5 d6 4. Nf3 Nxe4 5. d3 Nf6 6. Nc3 Be7 7. Be2 0-0 8. 0-0 c6 9. Re1 Be6 10. Be3 d5 11. d4 Nbd7 12. Bf4 Re8 13. Ne5 Nxe5 14. Bxe5 Bd6 15. Bxf6 Qxf6 16. Bf3 Bf5 17. Rxe8+ Rxe8 18. Qd2 Bb4 19. a3 Bxc3 20. Qxc3 Qg6 21. Rc1 Re7 22. Qb4 Bxc2 23. Qxe7 1-0

[Event "FICGS rapid E 000039 email"]
[Site "FICGS email"]
[Date "2010.11.25"]
[Round "1"]
[White "Cavaille, Cedric"]
[Black "Estieu, Frederic"]
[Result "0-1"]
[WhiteElo "1200"]
[BlackElo "1225"]
[PlyCount "100"]
[EventDate "2010.??.??"]
[EventType "tourn (rapid)"]
[EventRounds "6"]
[SourceTitle "Corr 2013"]
[Source "ChessBase"]
[SourceDate "2012.11.12"]
[SourceVersion "1"]
[SourceVersionDate "2012.11.12"]
[SourceQuality "1"]

1. e4 e5 2. Nf3 Nf6 3. Bc4 Nc6 4. Nc3 Bc5 5. Ng5 0-0 6. d3 d6 7. 0-0 h6 8. Nf3 Bg4 9. h3 Bh5 10. Be3 Bxf3 11. Qxf3 Nd4 12. Bxd4 Bxd4 13. Rfd1 c6 14. Qe2 Bb6 15. a4 Bc7 16. b4 Re8 17. a5 d5 18. exd5 cxd5 19. Bb3 e4 20. dxe4 Nxe4 21. Nxe4 Rxe4 22. Qf3 Qd6 23. Bxd5 Rf4 24. Qg3 Qf6 25. Bxb7 Rc4 26. Bxa8 Bxg3 27. fxg3 Rxc2 28. Rf1 Qd4+ 29. Kh2 Qxb4 30. Bd5 Rc7 31. Rac1 Rxc1 32. Rxc1 Qxa5 33. Rc8+ Kh7 34. Bxf7 Qf5 35. Ba2 Qxc8 36. Bb1+ g6 37. h4 a5 38. Bc2 Qxc2 39. g4 a4 40. Kg3 a3 41. g5 hxg5 42. hxg5 a2 43. Kf4 Qxg2 44. Ke5 Qxg5+ 45. Ke6 Qf5+ 46. Ke7 a1Q 47. Kd6 Qa6+ 48. Ke7 Qe5+ 49. Kf8 Qc7 50. Ke8 Qa8# 0-1

[Event "FICGS rapid E 000039 email"]
[Site "FICGS email"]
[Date "2010.11.25"]
[Round "1"]
[White "Estieu, Frederic"]
[Black "Kehayov, Yulian"]
[Result "1-0"]
[WhiteElo "1225"]
[BlackElo "1086"]
[PlyCount "41"]
[EventDate "2010.??.??"]
[EventType "tourn (rapid)"]
[EventRounds "6"]
[SourceTitle "Corr 2013"]
[Source "ChessBase"]
[SourceDate "2012.11.12"]
[SourceVersion "1"]
[SourceVersionDate "2012.11.12"]
[SourceQuality "1"]

1. e4 d6 2. d4 e6 3. Nc3 c6 4. h3 Nf6 5. Nf3 c5 6. dxc5 dxc5 7. Qxd8+ Kxd8 8. Bg5 Be7 9. 0-0-0+ Bd7 10. Bb5 h6 11. Bxf6 Bxf6 12. Bxd7 Nxd7 13. Rd3 Ke7 14. Rhd1 Ne5 15. Nxe5 Bxe5 16. Rd7+ Ke8 17. Rxb7 Bd4 18. Nb5 a6 19. Nxd4 Kd8 20. Nc6+ Kc8 21. Rdd7 1-0

[Event "FICGS rapid E 000038 email"]
[Site "FICGS email"]
[Date "2010.11.20"]
[Round "1"]
[White "Quanter, Kirsty"]
[Black "Estieu, Frederic"]
[Result "1-0"]
[WhiteElo "1106"]
[BlackElo "1225"]
[PlyCount "71"]
[EventDate "2010.??.??"]
[EventType "tourn (rapid)"]
[EventRounds "1"]
[SourceTitle "Corr 2013"]
[Source "ChessBase"]
[SourceDate "2012.11.12"]
[SourceVersion "1"]
[SourceVersionDate "2012.11.12"]
[SourceQuality "1"]

1. e4 e5 2. d4 exd4 3. Qxd4 Nc6 4. Qd1 Bc5 5. Nf3 d6 6. Bg5 Nf6 7. Nc3 0-0 8. Bd3 h6 9. Bh4 Be6 10. 0-0 Bg4 11. h3 Bh5 12. g4 Bg6 13. Nd5 Nd4 14. Nxf6+ gxf6 15. Nxd4 Bxd4 16. c3 Bb6 17. Qf3 Kg7 18. a4 a6 19. a5 Ba7 20. Rfe1 Re8 21. Bc4 Qe7 22. e5 dxe5 23. Qxb7 e4 24. Bg3 e3 25. f3 e2+ 26. Kg2 Qc5 27. Qxa6 Re7 28. Ra2 Rae8 29. b4 Qe3 30. Raxe2 Qxc3 31. Rxe7 Qd2+ 32. R1e2 Qd1 33. Qxa7 Rxe7 34. Rxe7 Qc2+ 35. Be2 Bd3 36. Qxc7 1-0

[Event "FICGS class E 000131 email"]
[Site "FICGS email"]
[Date "2010.11.15"]
[Round "1"]
[White "Estieu, Frederic"]
[Black "Salinas, Marcelo"]
[Result "1-0"]
[WhiteElo "1225"]
[BlackElo "1385"]
[PlyCount "81"]
[EventDate "2010.??.??"]
[EventType "tourn (corr)"]
[EventRounds "1"]
[SourceTitle "Corr 2013"]
[Source "ChessBase"]
[SourceDate "2012.11.12"]
[SourceVersion "1"]
[SourceVersionDate "2012.11.12"]
[SourceQuality "1"]

1. e4 e5 2. Nf3 Bd6 3. d4 exd4 4. Nxd4 Qh4 5. Nc3 Bc5 6. g3 Qf6 7. Be3 Bxd4 8. Bxd4 Qc6 9. Bxg7 f6 10. Bxh8 Qc5 11. Qd5 Qf8 12. Qh5+ Qf7 13. Qxf7+ Kxf7 14. Nd5 Na6 15. Bc4 Rb8 16. Nxf6+ d5 17. Nxd5 Be6 18. Bxa6 bxa6 19. Nxc7 Bg4 20. Bc3 Bf3 21. 0-0 Bxe4 22. Nxa6 Rc8 23. Rac1 Bb7 24. Nb4 a5 25. Nd3 a4 26. Rce1 a3 27. Re3 axb2 28. Nxb2 Be4 29. Rxe4 Rxc3 30. Rc4 Ra3 31. Ra1 h5 32. Rc7+ Ne7 33. c4 Ke6 34. Re1+ Kd6 35. Rexe7 Rxa2 36. Red7+ Ke5 37. Rd5+ Ke4 38. Re7+ Kf3 39. Re3+ Kg4 40. Kg2 h4 41. Re4# 1-0

[Event "FICGS rapid E 000036 email"]
[Site "FICGS email"]
[Date "2010.10.10"]
[Round "1"]
[White "Dsouza, Stanislaus"]
[Black "Estieu, Frederic"]
[Result "1-0"]
[WhiteElo "1186"]
[BlackElo "1185"]
[PlyCount "67"]
[EventDate "2010.??.??"]
[EventType "tourn (rapid)"]
[EventRounds "6"]
[SourceTitle "Corr 2013"]
[Source "ChessBase"]
[SourceDate "2012.11.12"]
[SourceVersion "1"]
[SourceVersionDate "2012.11.12"]
[SourceQuality "1"]

1. e4 e5 2. Nf3 Nf6 3. Nxe5 d6 4. Nf3 Nxe4 5. d4 d5 6. Bd3 Bf5 7. 0-0 Bg6 8. Ne5 Nd7 9. Nxd7 Qxd7 10. Bxe4 Bxe4 11. Nc3 Bg6 12. Be3 Be7 13. Re1 0-0 14. Ne2 Rac8 15. c3 f5 16. Nf4 Rce8 17. Nxg6 hxg6 18. Qb3 Bf6 19. Rad1 b6 20. c4 c6 21. cxd5 Qxd5 22. Qxd5+ cxd5 23. Rc1 Re6 24. Rc7 Bxd4 25. Rxa7 Bxe3 26. Rxe3 Rxe3 27. fxe3 Rd8 28. Rb7 Rd6 29. Kf2 g5 30. b4 Kh7 31. a4 Kg6 32. a5 bxa5 33. bxa5 Ra6 34. Rb6+ 1-0

[Event "FICGS rapid E 000036 email"]
[Site "FICGS email"]
[Date "2010.10.10"]
[Round "1"]
[White "Estieu, Frederic"]
[Black "Kehayov, Yulian"]
[Result "1-0"]
[WhiteElo "1185"]
[BlackElo "1115"]
[PlyCount "43"]
[EventDate "2010.??.??"]
[EventType "tourn (rapid)"]
[EventRounds "6"]
[SourceTitle "Corr 2013"]
[Source "ChessBase"]
[SourceDate "2012.11.12"]
[SourceVersion "1"]
[SourceVersionDate "2012.11.12"]
[SourceQuality "1"]

1. e4 e5 2. Nf3 Nf6 3. Nxe5 Nxe4 4. Qe2 Nf6 5. Nc6+ Qe7 6. Nxe7 Bxe7 7. Nc3 0-0 8. d3 d5 9. Bg5 h6 10. Bxf6 Bxf6 11. 0-0-0 Be6 12. g3 d4 13. Ne4 Be7 14. h4 Nc6 15. Bh3 Bxh3 16. Rxh3 Ne5 17. f4 Nd7 18. Re1 Nf6 19. Ng5 Nd5 20. f5 Bf6 21. g4 Rae8 22. Qxe8 1-0

[Event "FICGS class F 000087 email"]
[Site "FICGS email"]
[Date "2010.10.05"]
[Round "1"]
[White "Estieu, Frederic"]
[Black "Haekkinen, Jorma"]
[Result "1-0"]
[WhiteElo "1185"]
[BlackElo "1193"]
[PlyCount "27"]
[EventDate "2010.??.??"]
[EventType "tourn (corr)"]
[EventRounds "6"]
[SourceTitle "Corr 2013"]
[Source "ChessBase"]
[SourceDate "2012.11.12"]
[SourceVersion "1"]
[SourceVersionDate "2012.11.12"]
[SourceQuality "1"]

1. e4 e5 2. Nf3 Nc6 3. Bc4 Bc5 4. d3 Nf6 5. Nc3 0-0 6. Bg5 Nd4 7. 0-0 d6 8. Nd5 Be6 9. Nxf6+ gxf6 10. Bh6 Nxf3+ 11. Qxf3 Re8 12. Bxe6 fxe6 13. Qg3+ Kf7 14. Qg7# 1-0

[Event "FICGS rapid E 000029 email"]
[Site "FICGS email"]
[Date "2010.06.17"]
[Round "1"]
[White "Guralivu, Paul Iosif"]
[Black "Estieu, Frederic"]
[Result "0-1"]
[WhiteElo "1289"]
[BlackElo "1068"]
[PlyCount "42"]
[EventDate "2010.??.??"]
[EventType "tourn (rapid)"]
[EventRounds "6"]
[SourceTitle "Corr 2013"]
[Source "ChessBase"]
[SourceDate "2012.11.12"]
[SourceVersion "1"]
[SourceVersionDate "2012.11.12"]
[SourceQuality "1"]

1. e4 e5 2. Nf3 Nf6 3. Nxe5 d6 4. Nf3 Nxe4 5. d4 d5 6. c4 c6 7. Bd3 Bf5 8. 0-0 Bg6 9. cxd5 cxd5 10. Qb3 b6 11. Ne5 Be7 12. Bb5+ Kf8 13. Bf4 a6 14. Bc6 Nxc6 15. Nxc6 Qd7 16. Qxb6 Rc8 17. Nxe7 Kxe7 18. Qxa6 Rc6 19. Qe2 Qe6 20. Qb5 Re8 21. f3 Nd6 0-1

[Event "FICGS class F 000084 email"]
[Site "FICGS email"]
[Date "2010.05.07"]
[Round "1"]
[White "Bizet, Patrick"]
[Black "Estieu, Frederic"]
[Result "1-0"]
[WhiteElo "1260"]
[BlackElo "1068"]
[PlyCount "65"]
[EventDate "2010.??.??"]
[EventType "tourn (corr)"]
[EventRounds "5"]
[SourceTitle "Corr 2013"]
[Source "ChessBase"]
[SourceDate "2012.11.12"]
[SourceVersion "1"]
[SourceVersionDate "2012.11.12"]
[SourceQuality "1"]

1. d4 d5 2. e4 dxe4 3. Nc3 Nf6 4. Bg5 Nbd7 5. Bc4 e6 6. Nxe4 Be7 7. Nxf6+ Nxf6 8. Nf3 Nd5 9. h4 Bxg5 10. hxg5 c6 11. c3 b5 12. Bb3 Qe7 13. Qd2 a5 14. Ne5 Bb7 15. 0-0-0 0-0-0 16. Kb1 a4 17. Bc2 g6 18. Rh6 f6 19. Nf3 f5 20. Ne5 Rdf8 21. Rdh1 f4 22. Nxg6 Qxg5 23. Nxf8 Rxf8 24. R1h2 Rf7 25. Rxe6 Kd7 26. Reh6 Nf6 27. g3 Ng4 28. Rxh7 Rxh7 29. Rxh7+ Kc8 30. gxf4 Qf6 31. f5 Kb8 32. Qe2 Nh6 33. Qe8+ 1-0

[Event "FICGS rapid E 000025 email"]
[Site "FICGS email"]
[Date "2010.03.28"]
[Round "1"]
[White "Belaz, Egidio"]
[Black "Estieu, Frederic"]
[Result "1-0"]
[WhiteElo "1139"]
[BlackElo "1027"]
[PlyCount "77"]
[EventDate "2010.??.??"]
[EventType "tourn (rapid)"]
[EventRounds "6"]
[SourceTitle "Corr 2013"]
[Source "ChessBase"]
[SourceDate "2012.11.12"]
[SourceVersion "1"]
[SourceVersionDate "2012.11.12"]
[SourceQuality "1"]

1. e4 e5 2. f4 d5 3. Nc3 d4 4. Nce2 Nc6 5. Nf3 f6 6. d3 Bd6 7. fxe5 Nxe5 8. Nfxd4 Bg4 9. Bd2 Bxe2 10. Bxe2 Ne7 11. Ne6 Qd7 12. Nxg7+ Kf7 13. d4 Kxg7 14. dxe5 Bxe5 15. Bg4 Qc6 16. Bf3 Rad8 17. 0-0 Bxb2 18. Rb1 Bc3 19. Rf2 Bxd2 20. Rxd2 Rxd2 21. Qxd2 Ng6 22. e5 Qc5+ 23. Kh1 Qxe5 24. Re1 Qd6 25. Qxd6 cxd6 26. Bxb7 Rb8 27. Bd5 Ne5 28. c4 Rb2 29. a4 Rc2 30. h3 Nxc4 31. Re7+ Kg6 32. Bg8 Ra2 33. Bxc4 Rxa4 34. Bd3+ f5 35. Re6+ Kg5 36. Rxd6 Ra1+ 37. Kh2 a5 38. Rd7 a4 39. Bc4 1-0

[Event "FICGS rapid E 000025 email"]
[Site "FICGS email"]
[Date "2010.03.28"]
[Round "1"]
[White "Gramajo, Francisco"]
[Black "Estieu, Frederic"]
[Result "1-0"]
[WhiteElo "1250"]
[BlackElo "1027"]
[PlyCount "51"]
[EventDate "2010.??.??"]
[EventType "tourn (rapid)"]
[EventRounds "6"]
[SourceTitle "Corr 2013"]
[Source "ChessBase"]
[SourceDate "2012.11.12"]
[SourceVersion "1"]
[SourceVersionDate "2012.11.12"]
[SourceQuality "1"]

1. e4 e5 2. Nf3 Nf6 3. Bc4 Nc6 4. d3 Bc5 5. Bg5 d6 6. 0-0 Bg4 7. Nbd2 Nd4 8. h3 Bh5 9. g4 Nxf3+ 10. Qxf3 Bg6 11. h4 h6 12. Be3 0-0 13. h5 Bh7 14. g5 hxg5 15. Bxg5 c6 16. h6 Kh8 17. hxg7+ Kxg7 18. Kg2 Rg8 19. Rh1 Kh8 20. Rxh7+ Kxh7 21. Rh1+ Kg7 22. Kf1 Kg6 23. Qf5+ Kg7 24. Bh6+ Kh8 25. Bf8+ Nh7 26. Rxh7# 1-0

[Event "FICGS class F 000083 email"]
[Site "FICGS email"]
[Date "2010.03.23"]
[Round "1"]
[White "Belaz, Egidio"]
[Black "Estieu, Frederic"]
[Result "0-1"]
[WhiteElo "1139"]
[BlackElo "1027"]
[PlyCount "102"]
[EventDate "2010.??.??"]
[EventType "tourn (corr)"]
[EventRounds "6"]
[SourceTitle "Corr 2013"]
[Source "ChessBase"]
[SourceDate "2012.11.12"]
[SourceVersion "1"]
[SourceVersionDate "2012.11.12"]
[SourceQuality "1"]

1. e4 e5 2. f4 d5 3. Nc3 exf4 4. Nf3 d4 5. Nd5 Bd6 6. Bc4 Nf6 7. 0-0 Nxd5 8. Bxd5 c6 9. Bb3 0-0 10. Nxd4 Nd7 11. Nf5 Nf6 12. Nxd6 Qxd6 13. d3 Bg4 14. Qe1 Qd4+ 15. Kh1 a5 16. Bxf4 Qxb2 17. e5 Nd5 18. Rb1 Qd4 19. Qf2 Qxf4 20. Qe1 Qe3 21. Bxd5 Qxe1 22. Bxf7+ Rxf7 23. Rbxe1 Raf8 24. Kg1 Rxf1+ 25. Rxf1 Rxf1+ 26. Kxf1 c5 27. c3 Bd1 28. Kf2 Bc2 29. d4 cxd4 30. cxd4 b5 31. Ke3 Bb1 32. a3 b4 33. axb4 axb4 34. d5 Kf8 35. Kd2 b3 36. e6 Ke7 37. Kc3 Be4 38. Kxb3 Bxd5+ 39. Kc3 Bxg2 40. Kd4 Kxe6 41. Ke3 Kf5 42. Kf2 Be4 43. Kg3 g5 44. h3 h5 45. h4 gxh4+ 46. Kxh4 Kg6 47. Kg3 Kg5 48. Kh3 h4 49. Kh2 Kg4 50. Kg1 h3 51. Kh2 Kh4 0-1

[Event "FICGS class F 000083 email"]
[Site "FICGS email"]
[Date "2010.03.23"]
[Round "1"]
[White "Estieu, Frederic"]
[Black "Khramkov, Alexey Gennadievic"]
[Result "0-1"]
[WhiteElo "1027"]
[BlackElo "1030"]
[PlyCount "50"]
[EventDate "2010.??.??"]
[EventType "tourn (corr)"]
[EventRounds "6"]
[SourceTitle "Corr 2013"]
[Source "ChessBase"]
[SourceDate "2012.11.12"]
[SourceVersion "1"]
[SourceVersionDate "2012.11.12"]
[SourceQuality "1"]

1. e4 e5 2. Nf3 Nc6 3. Bc4 Nf6 4. Ng5 d5 5. exd5 Nd4 6. d6 Qxd6 7. Nxf7 Qc6 8. 0-0 Qxc4 9. Nxe5 Qxc2 10. Qe1 Qe4 11. Qxe4 Nxe4 12. Na3 Ne2+ 13. Kh1 Bc5 14. d3 Nxf2+ 15. Rxf2 Bxf2 16. Bg5 0-0 17. Rf1 Rf5 18. Nf3 Bc5 19. Nb5 Bd7 20. Nxc7 Raf8 21. Re1 Nd4 22. Be7 Nxf3 23. gxf3 Bxe7 24. Rxe7 R5f7 25. Rxf7 Rxf7 0-1

[Event "FICGS class F 000083 email"]
[Site "FICGS email"]
[Date "2010.03.23"]
[Round "1"]
[White "Estieu, Frederic"]
[Black "Neil, Charles"]
[Result "1-0"]
[WhiteElo "1027"]
[BlackElo "1256"]
[PlyCount "49"]
[EventDate "2010.??.??"]
[EventType "tourn (corr)"]
[EventRounds "6"]
[SourceTitle "Corr 2013"]
[Source "ChessBase"]
[SourceDate "2012.11.12"]
[SourceVersion "1"]
[SourceVersionDate "2012.11.12"]
[SourceQuality "1"]

1. e4 c5 2. Nf3 Nc6 3. c3 Nf6 4. d3 d6 5. Bg5 Qb6 6. Qc2 Bd7 7. Nbd2 e6 8. Be2 Be7 9. 0-0 0-0 10. a3 h6 11. Bh4 Rac8 12. Rfe1 Qd8 13. d4 cxd4 14. Qb3 e5 15. cxd4 Qc7 16. dxe5 Nxe5 17. Nxe5 dxe5 18. Rac1 Qd6 19. Rxc8 Rxc8 20. Nc4 Nxe4 21. Nxd6 Bxd6 22. Bc4 Bc6 23. Bxf7+ Kh8 24. Bd5 Bxd5 25. Qxd5 1-0

[Event "FICGS class F 000083 email"]
[Site "FICGS email"]
[Date "2010.03.23"]
[Round "1"]
[White "Estieu, Frederic"]
[Black "Orden, Jorge"]
[Result "1-0"]
[WhiteElo "1027"]
[BlackElo "1101"]
[PlyCount "51"]
[EventDate "2010.??.??"]
[EventType "tourn (corr)"]
[EventRounds "6"]
[SourceTitle "Corr 2013"]
[Source "ChessBase"]
[SourceDate "2012.11.12"]
[SourceVersion "1"]
[SourceVersionDate "2012.11.12"]
[SourceQuality "1"]

1. e4 c5 2. Nf3 d6 3. c3 g6 4. d4 cxd4 5. cxd4 Bg7 6. Be3 e6 7. Nc3 Ne7 8. Bb5+ Bd7 9. Qa4 a6 10. Bxd7+ Qxd7 11. Qxd7+ Nxd7 12. 0-0 0-0 13. Rac1 f5 14. exf5 b5 15. fxe6 Nb6 16. d5 Nc4 17. b3 Nxe3 18. fxe3 Bxc3 19. Rxc3 Nxd5 20. Rd3 Nb4 21. Rxd6 Nxa2 22. Rfd1 Nc3 23. R1d3 Ne4 24. Rd7 Nc5 25. e7 Rfe8 26. Rd8 1-0

[Event "FICGS rapid E 000024 email"]
[Site "FICGS email"]
[Date "2010.02.23"]
[Round "1"]
[White "Estieu, Frederic"]
[Black "Guralivu, Paul Iosif"]
[Result "0-1"]
[WhiteElo "1065"]
[BlackElo "1252"]
[PlyCount "98"]
[EventDate "2010.??.??"]
[EventType "tourn (rapid)"]
[EventRounds "6"]
[SourceTitle "Corr 2013"]
[Source "ChessBase"]
[SourceDate "2012.11.12"]
[SourceVersion "1"]
[SourceVersionDate "2012.11.12"]
[SourceQuality "1"]

1. e4 e5 2. Nf3 Nc6 3. Bb5 a6 4. Ba4 Nf6 5. 0-0 b5 6. Bb3 Nxe4 7. Re1 d5 8. d3 Nc5 9. Nxe5 Nxe5 10. d4 Nxb3 11. axb3 Be7 12. Rxe5 Be6 13. Qe2 0-0 14. f4 Bf6 15. Rxe6 fxe6 16. c3 Qd6 17. Be3 c6 18. Nd2 Rf7 19. Nf3 a5 20. Ne5 Bxe5 21. fxe5 Qf8 22. Rf1 Rxf1+ 23. Qxf1 Qxf1+ 24. Kxf1 a4 25. bxa4 bxa4 26. Bc1 Rb8 27. Ke2 Kf7 28. Kd2 Kg6 29. Kc2 Kf5 30. g3 Ke4 31. Bf4 Kf3 32. h4 Rf8 33. Kb1 h6 34. Ka2 Rxf4 35. gxf4 Kxf4 36. Ka3 g5 37. hxg5 hxg5 38. Kxa4 g4 39. Ka5 g3 40. Kb6 g2 41. Kxc6 g1Q 42. b4 Qg8 43. b5 Qc8+ 44. Kb6 Ke3 45. Ka7 Kd3 46. b6 Kxc3 47. b7 Qxb7+ 48. Kxb7 Kxd4 49. Kc6 Kxe5 0-1

[Event "FICGS rapid E 000024 email"]
[Site "FICGS email"]
[Date "2010.02.23"]
[Round "1"]
[White "Estieu, Frederic"]
[Black "Quanter, Kirsty"]
[Result "1-0"]
[WhiteElo "1065"]
[BlackElo "1188"]
[PlyCount "41"]
[EventDate "2010.??.??"]
[EventType "tourn (rapid)"]
[EventRounds "6"]
[SourceTitle "Corr 2013"]
[Source "ChessBase"]
[SourceDate "2012.11.12"]
[SourceVersion "1"]
[SourceVersionDate "2012.11.12"]
[SourceQuality "1"]

1. e4 e5 2. Nf3 Nc6 3. Bb5 Nge7 4. d4 exd4 5. Bxc6 Nxc6 6. Nxd4 Nxd4 7. Qxd4 c5 8. Qd5 d6 9. Nc3 g6 10. Bf4 Be6 11. Qxb7 h6 12. Qc6+ Ke7 13. Nd5+ Bxd5 14. Qxd5 Kd7 15. Qxf7+ Be7 16. 0-0-0 g5 17. Rxd6+ Kc7 18. Rxd8+ Kxd8 19. Rd1+ Kc8 20. Qxe7 c4 21. Qc7# 1-0

[Event "FICGS rapid E 000024 email"]
[Site "FICGS email"]
[Date "2010.02.23"]
[Round "1"]
[White "Orden, Jorge"]
[Black "Estieu, Frederic"]
[Result "1-0"]
[WhiteElo "1165"]
[BlackElo "1065"]
[PlyCount "43"]
[EventDate "2010.??.??"]
[EventType "tourn (rapid)"]
[EventRounds "6"]
[SourceTitle "Corr 2013"]
[Source "ChessBase"]
[SourceDate "2012.11.12"]
[SourceVersion "1"]
[SourceVersionDate "2012.11.12"]
[SourceQuality "1"]

1. e4 e5 2. Nf3 Nc6 3. Nc3 Nf6 4. Be2 d5 5. exd5 Nxd5 6. 0-0 Nxc3 7. bxc3 Bd6 8. a4 Bg4 9. h3 Bxf3 10. Bxf3 0-0 11. Ba3 Qe7 12. Bxc6 bxc6 13. Bxd6 cxd6 14. f3 Rfb8 15. Rb1 Qc7 16. Qe2 Rb7 17. Rb3 Rab8 18. Rfb1 Rxb3 19. Rxb3 Rxb3 20. cxb3 c5 21. Qb5 Qb6 22. Qe8# 1-0